| 000 | 00891cam a2200193 4500 | ||
|---|---|---|---|
| 001 | L150650 | ||
| 008 | 100809n2010 000 0 eng u | ||
| 035 | _a(Sirsi) u150650 | ||
| 041 | 0 | _aeng | |
| 110 | 2 | 0 |
_aNew Civil Engineer _9566 |
| 240 | 0 | 0 | _aNCE contractors file 2010 |
| 245 | 0 | 0 | _aContractors file 2010 |
| 260 |
_aLondon _bEMAP _c2010 |
||
| 520 | _aIncludes the Market Report: NCE's exclusive analysis of the civils contracting market; Contractors of the Year Awards 2010; A-Z listing of 144 top civil engineering contractors in Britain; civil engineers ranked by turnover, profits, order book, overall turnover, engineers employed, overall profit, workforce, roads, rail, ports, water and waste, flood defence, energy, airports. | ||
| 650 | 2 | 4 | _aNCE CONTRACTORS FILE 2010 |
| 651 | 4 |
_aUnited Kingdom _y |
|
| 690 | _aBUILT ENVIRONMENT-ENGINEERING-CIVIL ENGINEERING | ||
| 942 | _n0 | ||
| 999 |
_c110938 _d110938 |
||